000 00714nam a22002297a 4500
999 _c1315
_d1315
001 1315
003 BD-JhCC
005 20181023093904.0
008 171017r19912016bg |||| |||| 000 0 ben d
020 _a9789844042971
035 _a(BD-JhCC)1315
040 _aBD-JhCC
_dBD-JhCC
041 _aben
082 _a891.443
_bAHM 2016
100 _aআহমেদ, হুমায়ূন
245 _aদারুচিনি দ্বীপ /
_cহুমায়ূন আহমেদ
260 _aঢাকা:
_bঅনুপম প্রকাশনী,
_c২০১৬.
300 _a৯৫ পৃ. :
_c২২ সেমি.
650 _aBengali Novel
942 _2ddc
_cBK